Statistics for Human Biology Multiple Choice Quiz #2

Click here to take the quiz!

General Stats

  • This quiz has been taken 11,991 times
    (8,800 since last reset)
  • The average score is 11 of 15

Answer Stats

QuestionAnswer% Correct
How many bones are there in an adult human body?206
89%
The smallest bones in the body are found in the...?Ear
88%
Eye colour is defined by which circular structure?Iris
85%
In which part of a human cell would you find DNA?Nucleus
83%
Pre-eclampsia is a potentially serious condition that can arise during...?Pregnancy
82%
What is the largest muscle in the human body?Gluteus maximus
79%
Which blood group is considered to be an universal donor?O-
77%
REM stands for...?Rapid Eye Movement
75%
What is hardest and most highly mineralized substance of the body?Tooth Enamel
72%
...and people with which blood group are considered to be universal recipients?AB+
69%
The term 'Leukemia' literally translates to?White blood
67%
Which of these is considered to be a vestigial organ?Appendix
66%
If you suffer from Scurvy, you are deficient in?Ascorbic Acid
64%
What is the most abundant mineral in the human body?Calcium
62%
The adrenal gland lies above which vital organKidney
61%

Score Distribution

Percentile by Number Answered

Percent of People with Each Score

Your Score History

You have not taken this quiz since the last reset